MARC

LEADER 00000nam0a2200000 4500
001 364459
005 20231102011706.0
035 |a (RuTPU)RU\TPU\retro\21817 
090 |a 364459 
100 |a 20211116d1981 km y0rusy50 ca 
101 0 |a rus 
102 |a RU 
105 |a a z 001zy 
200 1 |a Введениев изучение фораминифер(классификация мелких фораминифер мезо-кайнозоя)  |f Всесоюзный нефтяной научно-исследовательский геологоразведочный институт ; под ред. Н. Н. Субботина ; под ред. Н. А. Волошинова. А. Я. Азбель 
210 |a Ленинград  |c Недра  |d 1981 
215 |a 211 с.  |c ил. 
320 |a Библиогр.: с. 181-203 
320 |a Алф. указ.: с. 204-209 
606 1 |a Фораминиферы ископаемые  |2 stltpush  |3 (RuTPU)RU\TPU\subj\64078  |9 81005 
610 1 |a классификация 
610 1 |a мезозой 
610 1 |a кайнозой 
610 1 |a систематика 
610 1 |a отряды 
610 1 |a терминология 
675 |a 563.12  |v 4 
702 1 |a Субботина  |b Н. Н.  |4 340 
702 1 |a Волошинова  |b Н. А.  |4 340 
702 1 |a Азбель  |b А. Я.  |4 340 
712 0 2 |a Всесоюзный нефтяной научно-исследовательский геологоразведочный институт  |c (Ленинград)  |c (1945-1991)  |2 stltpush  |3 (RuTPU)RU\TPU\col\7662  |9 24357 
801 1 |a RU  |b 63413507  |c 20211116 
942 |c BK